000 00597nam a2200241Ia 4500
003 OSt
005 20221005120011.0
006 a|||||r|||| 00| 0
007 ta
008 221004b |||||||| |||| 00| 0 eng d
024 _a35343
037 _cTextual
040 _aCRL
_cCRL
_beng
041 _2eng
_aeng
082 _aS, G01
100 _aSpearman C
_9628361
245 0 _aCreative mind
260 _c1930
490 _a(Contemporary library of psychology ed by F Aveling).
650 _aPSYCHOLOGY
942 _hS, G01
_cTEXL
_2cc
999 _c1036523
_d1036523